Préfixe métrologie - Statistiques

Statistiques générales
  • Ce quiz a été pris 78 fois
  • Le résultat moyen est 29 sur 40
Statistiques - réponses
Nom Symbole % Correct
giga G
100%
mega M
100%
atto a
96%
centi c
96%
deci d
96%
exa E
96%
femto f
96%
hecto h
96%
kilo k
96%
milli m
96%
peta P
96%
pico p
96%
tera T
96%
yotta Y
96%
yocto y
96%
zetta Z
96%
zepto z
96%
nano n
92%
deca 1
72%
milli -3
68%
mega 6
68%
deca da
68%
pico -12
64%
nano -9
64%
hecto 2
60%
centi -2
60%
kilo 3
60%
micro -6
60%
giga 9
60%
deci -1
56%
tera 12
56%
femto -15
48%
peta 15
44%
exa 18
40%
zetta 21
40%
zepto -21
40%
yotta 24
40%
yocto -24
40%
atto -18
36%
micro u(mu)
20%
Aucun quiz correspondant
Distribution des résultats
% des personnes avec chaque résultat
Percentile par nombre de réponses
Votre historique - résultats
Vous n’avez pas pris ce quiz